|
|
|
|
| LEADER |
00000nkm a2200000 a 4500 |
| 001 |
vtls011560290 |
| 003 |
SK-MaSNL |
| 005 |
20260512122809.0 |
| 007 |
kp bo |
| 008 |
231214q1922 xo g kuslo |
| 015 |
|
|
|a SNBG
|
| 035 |
|
|
|a urn:nbn:sk:snk-km00bkl3
|
| 035 |
|
|
|a urn:nbn:sk:snk-km3ln5b
|
| 035 |
|
|
|a 9A1D52A6-DA96-42FB-8350-9D2CF39AF489
|
| 040 |
|
|
|a SNK
|b slo
|c SNK
|e AACR2
|
| 041 |
0 |
|
|a slo
|
| 043 |
|
|
|a e-xo---
|
| 044 |
|
|
|a xo
|c SK
|
| 080 |
|
|
|a 908(437.6)
|2 2011
|
| 080 |
|
|
|a (234.374.4)
|2 2011
|
| 080 |
|
|
|a (084.121)
|2 2011
|
| 245 |
0 |
0 |
|a Račkova dolina
|h grafika
|b Ostrý Roháč 2072 m : Plačlivô 2126 m
|
| 260 |
|
|
|a Liptovský Mikuláš
|b Lumen
|c [medzi 1922 a 1941]
|
| 300 |
|
|
|a 1 pohľadnica
|b čiernobiela
|c 14 x 9 cm
|
| 651 |
|
7 |
|a Vysoké Tatry (Poľsko a Slovensko : pohorie)
|2 SNKPHgeo
|9 67729
|
| 651 |
|
7 |
|a Račkova dolina (Slovensko)
|2 SNKPH
|9 18991
|
| 651 |
|
7 |
|a Ostrý Roháč (Západné Tatry, Slovensko : vrch)
|2 SNKPH
|9 57531
|
| 651 |
|
7 |
|a Plačlivé (Západné Tatry, Slovensko : vrch)
|2 SNKPH
|9 160839
|
| 651 |
|
7 |
|a Západné Tatry (Poľsko a Slovensko : pohorie)
|2 SNKPH
|9 68765
|
| 655 |
|
7 |
|a miestne pohľadnice
|2 SNKPH
|9 70510
|
| 852 |
|
|
|a Slovenská národná knižnica
|
| 958 |
|
|
|a GC
|
| 958 |
|
|
|a OND
|
| 958 |
|
|
|a GBN
|
| 999 |
|
|
|c 673576
|d 675506
|
| 952 |
|
|
|a SNK
|b SNK
|y PREZ
|7 0
|p 17A1194343
|o snkSP 26520
|0 0
|1 0
|4 0
|d 2016-06-15
|f 1
|l 0
|r 2026-02-23 19:33:51
|w 2026-02-23
|